| 000 | 00696ckm a22002175a 4500 | ||
|---|---|---|---|
| 001 | L140659 | ||
| 008 | 071003s1909 xxk eng u | ||
| 035 | _a(Sirsi) u140659 | ||
| 041 | 0 | _aeng | |
| 110 | 2 |
_aLondon Topographical Society _9106 |
|
| 245 | 0 | 4 |
_aThe Palace of Whitehall _h[graphic] |
| 250 | _aFacsim. | ||
| 260 |
_aLondon _bLondon Topographical Society _c1909 |
||
| 300 |
_a1 sheet _c61 x 89 cm. |
||
| 351 | _cSingle item | ||
| 500 | _aReproduction of a picture at Windsor Castle showing Charles II witnessing the Lord Mayor's procession to Westminster on 29 October 1683. | ||
| 500 | _aEmery Walker Ph. sc. | ||
| 651 | 4 | _aLondon | |
| 690 | _aBUILT ENVIRONMENT | ||
| 942 | _n0 | ||
| 999 |
_c116410 _d116410 |
||